| 000 | 00000nas 2200000za 4500 |
| 001 | 9.849717 |
| 003 | CaOODSP |
| 005 | 20241127083118 |
| 007 | cr ||||||||||| |
| 008 | 180109d19671969oncuu pso f0###a0eng|d |
| 040 | |aCaOODSP|beng |
| 043 | |an-cn---|anl----- |
| 086 | 1 |aEn38-9E-PDF |
| 110 | 2 |aCanada Centre for Inland Waters. |
| 245 | 00|aLimnological data report. |pLake Huron, Lake Superior |h[electronic resource] / |cCanada Centre for Inland Waters. |
| 260 | |aBurlington, Ontario : |bpublished by Canadian Oceanographic Data Centre,|c1970-[1971]. |
| 310 | |aIrregular |
| 362 | 1 |aBegan with 1968, no. 1; ceased with 1969, no. 1? |
| 500 | |aEach issue has a distinctive title. |
| 500 | |a"Programmed by Department of Energy, Mines & Resources, Fisheries Research Board and Department of National Health & Welfare, at Canada Centre for Inland Waters, Burlington, Ontario, Canada". |
| 500 | |aDigitized edition from print [produced by Environment and Climate Change Canada]. |
| 515 | |aIssues numbered within the year. |
| 520 | 0 |aLists chemical, bacteriological, biological and physical data for waters of Lake Huron and Lake Superior, observed by Government of Canada agencies in August of 1968 and in September and November of 1969. During the time covered by the report the Canada Centre for Inland Waters was part of the Department of Energy, Mines and Resources. On April 1, 1971 the Centre, along with other elements of the Department of Energy, Mines and Resources, was transferred to the new Department of the Environment, the Honourable Jack Davis, Minister--cf. Introd. |
| 692 | 07|2gccst|aWater quality |
| 692 | 07|2gccst|aData processsing |
| 710 | 2 |aCanadian Oceanographic Data Centre. |